[Event "Villa Ballester op"]
[Site "Villa Ballester"]
[Date "2024.08.04"]
[Round "4"]
[White "Gimenez, Felipe"]
[Black "Obregon, Pablo"]
[Result "0-1"]
[WhiteElo "1617"]
[BlackElo "1830"]
[PlyCount "30"]
[EventDate "2024.08.02"]
[EventType "swiss"]
[EventRounds "7"]
[EventCountry "ARG"]
[SourceTitle "EXT 2025"]
[Source "ChessBase"]
[SourceDate "2024.10.14"]
[SourceVersion "1"]
[SourceVersionDate "2024.10.14"]
[SourceQuality "1"]

1. e4 c5 2. Nf3 Nc6 3. d4 cxd4 4. Nxd4 g6 5. Nc3 Bg7 6. Be3 Nf6 7. Bc4 0-0 8. f3 Qb6 9. 0-0 e5 10. Nf5 Qxb2 11. Na4 Qb4 12. Nxg7 Qxc4 13. Bh6 Qxa4 14. Qd6 Qd4+ 15. Qxd4 Nxd4 0-1